000 00572nam a2200217Ia 4500
003 OSt
005 20221002055018.0
006 a|||||r|||| 00| 0
007 ta
008 220930b |||||||| |||| 00| 0 mal d
024 _a71444
037 _cReference Collections
040 _aCRL
_cCRL
_bmal
041 _2mal
_amal
082 _aP32:4k, K2(RR)
100 _aGundert H. Au.
_9576594
245 0 _aMalayalam and English Dictionary
260 _c1962
942 _hP32:4k, K2(RR)
_cref
_2CC
999 _c926481
_d926481